000
00291nam a2200121Ia 4500
008
190902s9999||||xx |||||||||||||| ||und||
020
_a
0 85297 064 1
100
_a
Muhammad Naeem Baig
245
0
_a
Company Law
260
_a
lahore
_b
Pakistan law House
_c
2004
300
_a
354
942
_c
BK
999
_c
2814
_d
2814